[Event "ODJM A 2023"]
[Site "Willingen GER"]
[Date "2023.05.31"]
[Round "5"]
[White "Held, Momme Fredrik"]
[Black "Köhler, Lukas"]
[Result "1/2-1/2"]
[Termination "normal"]
[Board "14"]
[WhiteElo "1914"]
[BlackElo "2078"]
[WhiteClock "00:28:47"]
[BlackClock "00:26:01"]
[PlyCount "40"]
[WhiteFideId "16237692"]
[BlackFideId "16221990"]
[EventCountry "GER"]
[EventRounds "9"]
[EventType "swiss"]
[EventDate "2023.05.27"]

1. c4 {[%clk 01:30:58]} {[%emt 00:00:03]} Nf6 {[%clk 01:30:24]} {[%emt
00:00:35]} 2. g3 {[%clk 01:31:20]} {[%emt 00:00:08]} e6 {[%clk 01:30:33]}
{[%emt 00:00:21]} 3. Bg2 {[%clk 01:31:34]} {[%emt 00:00:15]} d5 {[%clk
01:30:45]} {[%emt 00:00:18]} 4. d4 {[%clk 01:31:22]} {[%emt 00:00:43]} Be7
{[%clk 01:29:43]} {[%emt 00:01:32]} 5. Nf3 {[%clk 01:31:32]} {[%emt 00:00:20]}
O-O {[%clk 01:30:03]} {[%emt 00:00:10]} 6. O-O {[%clk 01:31:51]} {[%emt
00:00:12]} dxc4 {[%clk 01:29:41]} {[%emt 00:00:52]} 7. Qa4 {[%clk 01:31:06]}
{[%emt 00:01:15]} a6 {[%clk 01:28:47]} {[%emt 00:01:24]} 8. Qxc4 {[%clk
01:30:54]} {[%emt 00:00:42]} b5 {[%clk 01:28:57]} {[%emt 00:00:20]} 9. Qc2
{[%clk 01:31:18]} {[%emt 00:00:06]} Bb7 {[%clk 01:29:22]} {[%emt 00:00:05]} 10.
Bg5 {[%clk 01:30:29]} {[%emt 00:01:18]} Nbd7 {[%clk 01:29:05]} {[%emt
00:00:47]} 11. Bxf6 {[%clk 01:29:27]} {[%emt 00:01:33]} Nxf6 {[%clk 01:28:39]}
{[%emt 00:00:54]} 12. Nbd2 {[%emt 00:03:16]} Rc8 {[%clk 01:04:45]} {[%emt
00:23:30]} 13. Nb3 {[%clk 01:24:52]} {[%emt 00:03:14]} Be4 {[%clk 00:57:30]}
{[%emt 00:07:45]} 14. Qc1 {[%clk 01:14:03]} {[%emt 00:11:19]} Qd5 {[%emt
00:22:36]} 15. Rd1 {[%clk 00:51:23]} {[%emt 00:12:11]} Rfd8 {[%clk 00:41:20]}
{[%emt 00:05:34]} 16. Nc5 {[%clk 00:41:43]} {[%emt 00:10:10]} Bxc5 {[%clk
00:39:56]} {[%emt 00:01:53]} 17. Qxc5 {[%clk 00:42:06]} {[%emt 00:00:08]} Qxc5
{[%clk 00:38:51]} {[%emt 00:01:34]} 18. dxc5 {[%clk 00:42:32]} {[%emt
00:00:05]} Bxf3 {[%clk 00:29:51]} {[%emt 00:09:29]} 19. Bxf3 {[%clk 00:42:47]}
{[%emt 00:00:15]} a5 {[%clk 00:28:55]} {[%emt 00:01:26]} 20. a3 {[%clk
00:28:47]} {[%emt 00:14:31]} Rxd1+ {[%clk 00:26:01]} {[%emt 00:03:23]} 1/2-1/2

[Event "ODJM A 2023"]
[Site "Willingen GER"]
[Date "2023.05.31"]
[Round "5"]
[White "Lohr, Maximilian"]
[Black "Vollbehr, Bjarne"]
[Result "1/2-1/2"]
[Termination "normal"]
[Board "15"]
[WhiteElo "2106"]
[BlackElo "1867"]
[WhiteClock "00:51:38"]
[BlackClock "01:06:56"]
[PlyCount "150"]
[WhiteFideId "12999717"]
[BlackFideId "34606025"]
[EventCountry "GER"]
[EventRounds "9"]
[EventType "swiss"]
[EventDate "2023.05.27"]

1. e4 {[%emt 0:00:03]} e5 {[%emt 0:00:31]} 2. Nf3 {[%emt 0:00:06]} Nc6 {[%emt
0:00:05]} 3. Bb5 {[%emt 0:00:07]} a6 {[%emt 0:00:06]} 4. Ba4 {[%emt 0:00:03]}
Nf6 {[%emt 0:00:06]} 5. O-O {[%emt 0:00:09]} Be7 {[%emt 0:00:08]} 6. c3 {[%emt
0:02:03]} b5 {[%emt 0:00:42]} 7. Bc2 {[%emt 0:00:38]} d5 {[%emt 0:02:01]} 8. d3
{[%emt 0:10:21]} O-O {[%emt 0:00:20]} 9. h3 {[%emt 0:02:36]} h6 {[%emt
0:01:00]} 10. Qe2 Re8 {[%emt 0:04:01]} 11. Rd1 Bf8 {[%emt 0:04:21]} 12. Nbd2 d4
{[%emt 0:06:41]} 13. c4 Qd6 {[%emt 0:11:03]} 14. a4 Nb4 15. Bb3 Be6 16. axb5
Nd7 17. c5 Qxc5 18. Bxe6 Rxe6 19. Nc4 Qxb5 20. Ra5 Qb7 21. Nfxe5 c5 22. Nxd7
Qxd7 23. Qg4 Qc6 24. f4 Rg6 25. Qh5 Rg3 26. Ra3 Qg6 27. Qxg6 Rxg6 28. f5 Rc6
29. Bf4 f6 30. Kf2 Kf7 31. g4 g5 32. Bg3 Bg7 33. Ke2 h5 34. Kd2 hxg4 35. hxg4
Rh8 36. Raa1 Rh3 37. Rg1 Bf8 38. Rg2 Be7 39. Rag1 Rc8 40. Rh2 Rch8 41. Rgh1
Rxh2+ 42. Rxh2 Rxh2+ 43. Bxh2 Ke8 44. Nb6 Nc6 45. Nd5 Bd8 46. Bd6 Na5 47. Bc7
Bxc7 48. Nxc7+ Ke7 49. Nxa6 Kd6 50. b4 cxb4 51. Nxb4 Nb3+ 52. Ke2 Ke5 53. Kf3
Nc1 54. Nc6+ Kd6 55. Nxd4 Nxd3 56. Nc2 Ke5 57. Na3 Nc5 58. Nc4+ Kd4 59. Nd6 Nd7
60. Nf7 Kd3 61. e5 fxe5 62. Nxg5 Nf6 63. Kg3 e4 64. Nh3 e3 65. Kf3 Kd4 66. Nf4
Ke5 67. Nd3+ Kd6 68. g5 Nd5 69. Ke2 Ne7 70. f6 Nd5 71. f7 Ke7 72. g6 Kf8 73.
Ne5 Nf4+ 74. Kxe3 Nxg6 75. Nxg6+ Kxf7 1/2-1/2

[Event "ODJM A 2023"]
[Site "Willingen GER"]
[Date "2023.05.31"]
[Round "5"]
[White "Melde, Benjamin"]
[Black "Paeslack, Luis"]
[Result "1-0"]
[Termination "normal"]
[Board "16"]
[WhiteElo "2135"]
[BlackElo "1887"]
[WhiteClock "00:29:58"]
[BlackClock "00:03:33"]
[PlyCount "105"]
[WhiteFideId "12958816"]
[BlackFideId "12987760"]
[EventCountry "GER"]
[EventRounds "9"]
[EventType "swiss"]
[EventDate "2023.05.27"]

1. Nf3 {[%clk 01:30:57]} {[%emt 00:00:03]} c5 {[%clk 01:30:37]} {[%emt
00:00:21]} 2. b3 {[%clk 01:30:55]} {[%emt 00:00:34]} Nf6 {[%clk 01:29:00]}
{[%emt 00:02:05]} 3. Bb2 {[%clk 01:31:10]} {[%emt 00:00:16]} d5 {[%clk
01:25:35]} {[%emt 00:03:55]} 4. e3 {[%clk 01:28:13]} {[%emt 00:03:28]} Nc6
{[%clk 01:23:42]} {[%emt 00:02:22]} 5. Bb5 {[%emt 00:04:04]} Bg4 {[%clk
01:11:45]} {[%emt 00:08:36]} 6. h3 {[%clk 01:28:42]} {[%emt 00:00:18]} Bh5
{[%clk 01:08:03]} {[%emt 00:04:12]} 7. O-O {[%clk 01:26:42]} {[%emt 00:02:31]}
e6 {[%clk 01:02:48]} {[%emt 00:05:44]} 8. c4 {[%clk 01:25:40]} {[%emt
00:01:32]} a6 {[%clk 00:50:29]} {[%emt 00:12:50]} 9. Bxc6+ {[%clk 01:24:10]}
{[%emt 00:02:00]} bxc6 {[%clk 00:50:44]} {[%emt 00:00:14]} 10. d3 {[%clk
01:19:07]} {[%emt 00:05:34]} Bd6 {[%clk 00:46:50]} {[%emt 00:04:24]} 11. Nc3
{[%clk 01:19:08]} {[%emt 00:00:30]} O-O {[%clk 00:40:34]} {[%emt 00:06:45]} 12.
e4 {[%clk 01:17:10]} {[%emt 00:02:28]} d4 {[%clk 00:38:11]} {[%emt 00:02:52]}
13. Na4 {[%clk 01:15:36]} {[%emt 00:02:05]} Nd7 {[%emt 00:05:50]} 14. g4 {[%clk
01:14:06]} {[%emt 00:01:30]} Bg6 {[%clk 00:32:55]} {[%emt 00:00:57]} 15. Qe2
{[%clk 01:09:25]} {[%emt 00:05:11]} Qc7 {[%clk 00:26:45]} {[%emt 00:06:39]} 16.
Rae1 {[%clk 00:36:53]} {[%emt 00:33:03]} f5 {[%clk 00:20:57]} {[%emt 00:06:18]}
17. e5 {[%clk 00:28:50]} {[%emt 00:08:33]} Be7 {[%clk 00:21:02]} {[%emt
00:00:25]} 18. Bc1 {[%clk 00:29:10]} {[%emt 00:00:10]} fxg4 {[%clk 00:18:32]}
{[%emt 00:02:59]} 19. hxg4 {[%clk 00:29:38]} {[%emt 00:00:01]} h6 {[%clk
00:17:52]} {[%emt 00:01:11]} 20. b4 {[%clk 00:23:48]} {[%emt 00:06:19]} Rxf3
{[%clk 00:15:29]} {[%emt 00:02:53]} 21. Qxf3 {[%clk 00:24:12]} {[%emt
00:00:06]} Rf8 {[%clk 00:15:57]} {[%emt 00:00:02]} 22. Qg3 {[%clk 00:22:16]}
{[%emt 00:02:26]} cxb4 {[%clk 00:16:24]} {[%emt 00:00:04]} 23. f4 {[%clk
00:21:23]} {[%emt 00:01:23]} Qa5 {[%clk 00:14:40]} {[%emt 00:02:14]} 24. f5
{[%clk 00:18:19]} {[%emt 00:03:34]} Qxa4 {[%clk 00:12:31]} {[%emt 00:02:38]}
25. fxg6 {[%clk 00:18:48]} {[%emt 00:00:02]} Qxa2 {[%clk 00:10:40]} {[%emt
00:02:22]} 26. Qh3 {[%clk 00:19:08]} {[%emt 00:00:08]} Rxf1+ {[%clk 00:04:47]}
{[%emt 00:06:23]} 27. Qxf1 {[%clk 00:18:13]} {[%emt 00:01:25]} Nf8 {[%clk
00:03:59]} {[%emt 00:01:19]} 28. Qf7+ {[%clk 00:18:03]} {[%emt 00:00:39]} Kh8
{[%clk 00:04:25]} {[%emt 00:00:04]} 29. Rf1 {[%clk 00:18:20]} {[%emt 00:00:13]}
Nxg6 {[%clk 00:04:25]} {[%emt 00:00:30]} 30. Qxg6 {[%clk 00:18:45]} {[%emt
00:00:05]} Qe2 {[%clk 00:04:49]} {[%emt 00:00:06]} 31. Qe4 {[%clk 00:04:52]}
{[%emt 00:14:23]} Qxe4 {[%clk 00:04:51]} {[%emt 00:00:28]} 32. dxe4 {[%clk
00:05:21]} {[%emt 00:00:02]} a5 {[%clk 00:04:20]} {[%emt 00:01:01]} 33. Rf7
{[%clk 00:04:19]} {[%emt 00:01:31]} Bc5 {[%clk 00:04:27]} {[%emt 00:00:23]} 34.
Kf2 {[%clk 00:04:11]} {[%emt 00:00:38]} a4 {[%clk 00:03:38]} {[%emt 00:01:20]}
35. Ke2 {[%clk 00:04:29]} {[%emt 00:00:11]} a3 {[%clk 00:02:22]} {[%emt
00:01:48]} 36. Rb7 {[%clk 00:04:54]} {[%emt 00:00:05]} g6 {[%clk 00:01:57]}
{[%emt 00:00:54]} 37. Kd3 {[%clk 00:04:13]} {[%emt 00:01:11]} h5 {[%clk
00:02:16]} {[%emt 00:00:11]} 38. gxh5 {[%clk 00:03:27]} {[%emt 00:01:16]} gxh5
{[%clk 00:02:45]} {[%emt 00:00:01]} 39. Kc2 {[%clk 00:02:28]} {[%emt 00:01:28]}
h4 {[%clk 00:02:54]} {[%emt 00:00:21]} 40. Kb3 {[%clk 00:02:06]} {[%emt
00:00:52]} h3 {[%clk 00:03:07]} {[%emt 00:00:17]} 41. Bf4 {[%clk 00:02:32]}
{[%emt 00:00:04]} d3 {[%clk 00:16:47]} {[%emt 00:16:50]} 42. Rd7 {[%clk
00:31:03]} {[%emt 00:02:01]} Be3 {[%clk 00:14:59]} {[%emt 00:02:16]} 43. Rxd3
{[%clk 00:31:28]} {[%emt 00:00:06]} Bxf4 {[%clk 00:15:26]} {[%emt 00:00:03]}
44. Rxh3+ {[%clk 00:31:54]} {[%emt 00:00:06]} Kg7 {[%clk 00:15:48]} {[%emt
00:00:06]} 45. Kxb4 {[%clk 00:32:20]} {[%emt 00:00:05]} c5+ {[%clk 00:05:53]}
{[%emt 00:10:24]} 46. Kxa3 {[%clk 00:27:43]} {[%emt 00:05:07]} Bxe5 {[%clk
00:06:17]} {[%emt 00:00:06]} 47. Rf3 {[%clk 00:28:07]} {[%emt 00:00:05]} Bd4
{[%clk 00:05:52]} {[%emt 00:00:55]} 48. Ka4 {[%clk 00:28:33]} {[%emt 00:00:05]}
Kg6 {[%clk 00:03:44]} {[%emt 00:02:38]} 49. Kb5 {[%clk 00:28:58]} {[%emt
00:00:05]} Kg5 {[%clk 00:03:40]} {[%emt 00:00:34]} 50. Kc6 {[%clk 00:29:23]}
{[%emt 00:00:05]} Kg4 {[%clk 00:03:41]} {[%emt 00:00:28]} 51. Rf7 {[%clk
00:29:34]} {[%emt 00:00:20]} e5 {[%clk 00:03:26]} {[%emt 00:00:45]} 52. Kd5
{[%clk 00:29:59]} {[%emt 00:00:03]} Kg5 {[%clk 00:03:33]} {[%emt 00:00:24]} 53.
Rf5 {[%clk 00:29:58]} {[%emt 00:00:31]} 1-0

[Event "ODJM A 2023"]
[Site "Willingen GER"]
[Date "2023.05.31"]
[Round "5"]
[White "Hofmann, Benjamin"]
[Black "Kamp, Adrian"]
[Result "1/2-1/2"]
[Termination "normal"]
[Board "17"]
[WhiteElo "1700"]
[BlackElo "2021"]
[WhiteClock "00:16:30"]
[BlackClock "00:14:11"]
[PlyCount "107"]
[WhiteFideId "16270266"]
[BlackFideId "16222466"]
[EventCountry "GER"]
[EventRounds "9"]
[EventType "swiss"]
[EventDate "2023.05.27"]

1. e4 {[%clk 01:30:58]} {[%emt 00:00:02]} c5 {[%clk 01:30:50]} {[%emt
00:00:10]} 2. Nc3 {[%clk 01:31:23]} {[%emt 00:00:05]} Nc6 {[%clk 01:31:07]}
{[%emt 00:00:13]} 3. g3 {[%clk 01:31:30]} {[%emt 00:00:24]} g6 {[%clk
01:31:04]} {[%emt 00:00:33]} 4. Bg2 {[%clk 01:31:46]} {[%emt 00:00:14]} Bg7
{[%clk 01:31:19]} {[%emt 00:00:14]} 5. d3 {[%clk 01:32:05]} {[%emt 00:00:12]}
e6 {[%clk 01:31:11]} {[%emt 00:00:37]} 6. Nge2 {[%clk 01:32:03]} {[%emt
00:00:32]} Nge7 {[%clk 01:31:04]} {[%emt 00:00:37]} 7. O-O {[%clk 01:32:13]}
{[%emt 00:00:20]} O-O {[%clk 01:30:49]} {[%emt 00:00:45]} 8. Be3 {[%clk
01:31:34]} {[%emt 00:01:08]} b6 {[%clk 01:28:35]} {[%emt 00:02:45]} 9. Qd2
{[%clk 01:27:10]} {[%emt 00:04:54]} d5 {[%clk 01:22:13]} {[%emt 00:06:53]} 10.
exd5 {[%clk 01:23:43]} {[%emt 00:03:57]} exd5 {[%clk 01:22:11]} {[%emt
00:00:32]} 11. d4 {[%clk 01:22:05]} {[%emt 00:02:08]} Ba6 {[%clk 01:16:38]}
{[%emt 00:06:03]} 12. Rfd1 {[%clk 01:18:26]} {[%emt 00:04:07]} Bxe2 {[%clk
01:10:06]} {[%emt 00:07:03]} 13. Nxe2 {[%clk 01:18:30]} {[%emt 00:00:26]} c4
{[%clk 01:10:14]} {[%emt 00:00:23]} 14. c3 {[%clk 01:15:22]} {[%emt 00:03:38]}
b5 {[%clk 01:05:48]} {[%emt 00:04:56]} 15. Nf4 {[%clk 01:09:33]} {[%emt
00:06:18]} a5 {[%clk 01:03:50]} {[%emt 00:02:28]} 16. Qe2 {[%clk 01:07:50]}
{[%emt 00:02:12]} Qd6 {[%clk 01:01:28]} {[%emt 00:02:53]} 17. Qf3 {[%clk
01:05:52]} {[%emt 00:02:28]} Rfd8 {[%clk 01:01:03]} {[%emt 00:00:55]} 18. Ne2
{[%clk 00:53:13]} {[%emt 00:14:30]} b4 {[%clk 00:53:30]} {[%emt 00:06:43]} 19.
Bf4 {[%clk 00:50:51]} {[%emt 00:02:51]} Qd7 {[%clk 00:49:56]} {[%emt 00:04:04]}
20. g4 {[%clk 00:44:40]} {[%emt 00:06:41]} Ra6 {[%clk 00:41:48]} {[%emt
00:08:38]} 21. Bg5 {[%clk 00:31:04]} {[%emt 00:14:06]} Rb6 {[%clk 00:35:46]}
{[%emt 00:06:32]} 22. Bxe7 {[%clk 00:22:25]} {[%emt 00:09:09]} Nxe7 {[%clk
00:35:44]} {[%emt 00:00:32]} 23. Nf4 {[%clk 00:21:35]} {[%emt 00:01:20]} Qb7
{[%clk 00:33:06]} {[%emt 00:03:08]} 24. Re1 {[%clk 00:20:18]} {[%emt 00:01:48]}
bxc3 {[%clk 00:31:10]} {[%emt 00:02:26]} 25. bxc3 {[%clk 00:17:54]} {[%emt
00:02:53]} Rb2 {[%clk 00:30:50]} {[%emt 00:00:49]} 26. Re2 {[%clk 00:14:19]}
{[%emt 00:04:06]} Rb1+ {[%clk 00:29:35]} {[%emt 00:01:45]} 27. Rxb1 {[%clk
00:13:42]} {[%emt 00:01:07]} Qxb1+ {[%clk 00:29:55]} {[%emt 00:00:09]} 28. Bf1
{[%clk 00:14:07]} {[%emt 00:00:05]} Bf8 {[%clk 00:28:17]} {[%emt 00:02:09]} 29.
Nh3 {[%clk 00:12:37]} {[%emt 00:01:59]} Rd6 {[%clk 00:23:35]} {[%emt 00:05:13]}
30. Ng5 {[%clk 00:12:04]} {[%emt 00:01:04]} f6 {[%clk 00:23:03]} {[%emt
00:01:01]} 31. Ne6 {[%clk 00:12:07]} {[%emt 00:00:26]} f5 {[%clk 00:22:49]}
{[%emt 00:00:45]} 32. Qg3 {[%clk 00:10:48]} {[%emt 00:01:50]} Qb8 {[%clk
00:17:18]} {[%emt 00:06:01]} 33. Qh4 {[%clk 00:07:32]} {[%emt 00:03:45]} Qe8
{[%clk 00:16:01]} {[%emt 00:01:46]} 34. Nxf8 {[%clk 00:07:31]} {[%emt
00:00:32]} Kxf8 {[%clk 00:16:24]} {[%emt 00:00:07]} 35. Qxh7 {[%clk 00:07:20]}
{[%emt 00:00:41]} fxg4 {[%clk 00:16:33]} {[%emt 00:00:21]} 36. Qh8+ {[%clk
00:07:20]} {[%emt 00:00:29]} Kf7 {[%clk 00:16:55]} {[%emt 00:00:09]} 37. Qh4
{[%clk 00:07:10]} {[%emt 00:00:39]} Qd7 {[%clk 00:15:11]} {[%emt 00:02:15]} 38.
Qh7+ {[%clk 00:05:08]} {[%emt 00:02:31]} Kf8 {[%clk 00:14:55]} {[%emt
00:00:47]} 39. Rb2 {[%clk 00:05:26]} {[%emt 00:00:11]} Qc8 {[%clk 00:11:55]}
{[%emt 00:03:31]} 40. Qh8+ {[%clk 00:05:13]} {[%emt 00:00:43]} Kf7 {[%clk
00:09:53]} {[%emt 00:02:32]} 41. Qxc8 {[%clk 00:04:21]} {[%emt 00:01:23]} Nxc8
{[%clk 00:09:07]} {[%emt 00:01:15]} 42. Rb5 {[%clk 00:03:34]} {[%emt 00:01:15]}
a4 {[%clk 00:08:47]} {[%emt 00:00:52]} 43. Be2 {[%clk 00:03:44]} {[%emt
00:00:20]} Re6 {[%clk 00:20:18]} {[%emt 00:18:59]} 44. Kf1 {[%clk 00:33:41]}
{[%emt 00:00:33]} Nd6 {[%clk 00:20:03]} {[%emt 00:00:45]} 45. Rxd5 {[%clk
00:33:07]} {[%emt 00:01:04]} Ne4 {[%clk 00:19:38]} {[%emt 00:00:55]} 46. Bxg4
{[%clk 00:32:41]} {[%emt 00:00:56]} Rb6 {[%clk 00:18:26]} {[%emt 00:01:41]} 47.
Rd7+ {[%clk 00:27:41]} {[%emt 00:05:31]} Kf6 {[%clk 00:18:41]} {[%emt
00:00:14]} 48. Be2 {[%clk 00:23:37]} {[%emt 00:04:35]} Rb2 {[%clk 00:18:13]}
{[%emt 00:00:59]} 49. Rc7 {[%clk 00:22:06]} {[%emt 00:02:01]} Rxa2 {[%clk
00:15:01]} {[%emt 00:03:42]} 50. Bxc4 {[%clk 00:20:32]} {[%emt 00:02:04]} Rxf2+
{[%clk 00:15:21]} {[%emt 00:00:09]} 51. Kg1 {[%clk 00:20:40]} {[%emt 00:00:22]}
Rc2 {[%clk 00:15:07]} {[%emt 00:00:43]} 52. Ra7 {[%clk 00:18:12]} {[%emt
00:02:58]} Nxc3 {[%clk 00:14:42]} {[%emt 00:00:56]} 53. Ra6+ {[%clk 00:16:56]}
{[%emt 00:01:46]} Kg7 {[%clk 00:14:11]} {[%emt 00:01:00]} 54. Rxg6+ {[%clk
00:16:30]} {[%emt 00:00:56]} 1/2-1/2

[Event "ODJM A 2023"]
[Site "Willingen GER"]
[Date "2023.05.31"]
[Round "5"]
[White "Astner, Sebastian"]
[Black "Uhlmann, Tim"]
[Result "1/2-1/2"]
[Termination "normal"]
[Board "18"]
[WhiteElo "1897"]
[BlackElo "1859"]
[WhiteClock "00:16:03"]
[BlackClock "00:23:05"]
[PlyCount "71"]
[WhiteFideId "12979422"]
[BlackFideId "16239210"]
[EventCountry "GER"]
[EventRounds "9"]
[EventType "swiss"]
[EventDate "2023.05.27"]

1. d4 {[%clk 01:30:57]} {[%emt 00:00:02]} d5 {[%clk 01:30:53]} {[%emt
00:00:07]} 2. c4 {[%clk 01:31:24]} {[%emt 00:00:04]} Nc6 {[%clk 01:31:13]}
{[%emt 00:00:10]} 3. Nc3 {[%clk 01:30:48]} {[%emt 00:01:05]} e6 {[%clk
01:30:21]} {[%emt 00:01:22]} 4. Nf3 {[%clk 01:30:02]} {[%emt 00:01:16]} Nf6
{[%clk 01:30:31]} {[%emt 00:00:21]} 5. Bg5 {[%clk 01:29:50]} {[%emt 00:00:42]}
Bb4 {[%clk 01:30:32]} {[%emt 00:00:29]} 6. e3 {[%clk 01:29:35]} {[%emt
00:00:45]} h6 {[%clk 01:30:37]} {[%emt 00:00:24]} 7. Bh4 {[%clk 01:29:12]}
{[%emt 00:00:54]} g5 {[%clk 01:29:31]} {[%emt 00:01:35]} 8. Bg3 {[%clk
01:29:08]} {[%emt 00:00:34]} Ne4 {[%clk 01:29:40]} {[%emt 00:00:22]} 9. Qc2
{[%clk 01:28:21]} {[%emt 00:01:17]} h5 {[%clk 01:29:24]} {[%emt 00:00:45]} 10.
h3 {[%clk 01:26:04]} {[%emt 00:02:47]} Nxg3 {[%clk 01:29:49]} {[%emt 00:00:05]}
11. fxg3 {[%clk 01:26:31]} {[%emt 00:00:03]} Bd6 {[%clk 01:26:05]} {[%emt
00:04:13]} 12. O-O-O {[%clk 01:25:01]} {[%emt 00:02:00]} Bxg3 {[%clk 01:20:23]}
{[%emt 00:06:12]} 13. e4 {[%clk 01:15:49]} {[%emt 00:09:43]} Bf4+ {[%clk
01:12:18]} {[%emt 00:08:34]} 14. Kb1 {[%clk 01:16:12]} {[%emt 00:00:08]} Ne7
{[%clk 01:12:11]} {[%emt 00:00:36]} 15. cxd5 {[%clk 01:00:35]} {[%emt
00:16:08]} exd5 {[%clk 01:11:47]} {[%emt 00:00:55]} 16. Nxd5 {[%clk 01:00:49]}
{[%emt 00:00:14]} Nxd5 {[%clk 01:11:35]} {[%emt 00:00:42]} 17. exd5 {[%clk
01:01:17]} {[%emt 00:00:03]} Qxd5 {[%clk 00:57:19]} {[%emt 00:14:45]} 18. Bc4
{[%clk 00:59:51]} {[%emt 00:01:57]} Qf5 {[%clk 00:57:36]} {[%emt 00:00:12]} 19.
Rhe1+ {[%clk 00:59:56]} {[%emt 00:00:26]} Kf8 {[%clk 00:57:48]} {[%emt
00:00:17]} 20. Bd3 {[%clk 00:59:39]} {[%emt 00:03:19]} Qf6 {[%clk 00:56:32]}
21. Ne5 {[%clk 00:57:12]} {[%emt 00:02:11]} c6 {[%clk 00:53:45]} {[%emt
00:03:16]} 22. h4 {[%clk 00:34:37]} {[%emt 00:23:06]} Be6 {[%clk 00:44:14]}
{[%emt 00:10:01]} 23. Rf1 {[%clk 00:30:51]} {[%emt 00:04:16]} Qh6 {[%clk
00:36:29]} {[%emt 00:08:14]} 24. hxg5 {[%clk 00:24:29]} {[%emt 00:06:53]} Qxg5
{[%clk 00:32:43]} {[%emt 00:04:15]} 25. Rxf4 {[%clk 00:23:20]} {[%emt
00:01:40]} Qxf4 {[%clk 00:32:48]} {[%emt 00:00:25]} 26. Rf1 {[%clk 00:23:43]}
{[%emt 00:00:07]} Qxd4 {[%clk 00:31:15]} {[%emt 00:02:02]} 27. Nxf7 {[%clk
00:20:50]} {[%emt 00:03:24]} Bxf7 {[%clk 00:27:22]} {[%emt 00:04:23]} 28. Bg6
{[%clk 00:19:45]} {[%emt 00:01:36]} Qd5 {[%clk 00:22:13]} {[%emt 00:05:38]} 29.
Bxf7 {[%clk 00:17:30]} {[%emt 00:02:46]} Qxf7 {[%clk 00:22:28]} {[%emt
00:00:14]} 30. Rxf7+ {[%clk 00:17:58]} {[%emt 00:00:02]} Kxf7 {[%clk 00:22:50]}
{[%emt 00:00:08]} 31. Qf5+ {[%clk 00:18:16]} {[%emt 00:00:12]} Ke7 {[%clk
00:23:02]} {[%emt 00:00:18]} 32. Qe5+ {[%clk 00:18:36]} {[%emt 00:00:10]} Kd7
{[%clk 00:23:17]} {[%emt 00:00:15]} 33. Qg7+ {[%clk 00:18:41]} {[%emt
00:00:25]} Kd6 {[%clk 00:23:28]} {[%emt 00:00:18]} 34. Qf6+ {[%clk 00:19:02]}
{[%emt 00:00:09]} Kc7 {[%clk 00:22:52]} {[%emt 00:01:06]} 35. Qe7+ {[%clk
00:19:28]} {[%emt 00:00:05]} Kb6 {[%clk 00:23:05]} {[%emt 00:00:16]} 36. Qb4+
{[%clk 00:16:03]} {[%emt 00:03:56]} 1/2-1/2